Villes d'Auvergne-Rhône-Alpes de plus de 10 000 habitants - Statistiques

Statistiques générales
  • Ce quiz a été pris 201 fois
  • Le résultat moyen est 45 sur 103
Statistiques - réponses
Département Ville Population % Correct
69 Lyon 522250
100%
42 Saint-Étienne 172718
98%
38 Grenoble 157477
97%
63 Clermont-Ferrand 147327
95%
69 Villeurbanne 156928
95%
74 Annecy 131715
92%
01 Bourg-en-Bresse 41525
88%
73 Chambéry 59856
88%
26 Valence 64483
88%
69 Vénissieux 66363
84%
69 Bron 43049
77%
69 Saint-Priest 48822
73%
69 Vaulx-en-Velin 52139
73%
38 Échirolles 36849
72%
74 Annemasse 37918
71%
26 Montélimar 40399
71%
42 Roanne 34762
70%
43 Le Puy-en-Velay 18629
69%
69 Villefranche-sur-Saône 35913
67%
69 Caluire-et-Cuire 43572
66%
03 Vichy 25789
66%
38 Vienne 31051
66%
01 Oyonnax 22277
64%
73 Aix-les-Bains 31874
63%
73 Albertville 19812
63%
15 Aurillac 25815
63%
03 Moulins 19343
63%
74 Thonon-les-Bains 37027
62%
03 Montluçon 33342
58%
69 Givors 20654
57%
42 Saint-Chamond 35068
57%
38 Bourgoin-Jallieu 29577
55%
69 Meyzieu 35882
54%
26 Romans-sur-Isère 32911
54%
07 Annonay 16873
52%
38 Saint-Martin-d'Hères 38454
52%
63 Riom 18736
51%
63 Issoire 15014
50%
07 Aubenas 12360
48%
69 Tassin-la-Demi-Lune 22676
48%
38 Voiron 20891
48%
69 Rillieux-la-Pape 31247
47%
69 Décines-Charpieu 29731
46%
42 Montbrison 16064
45%
69 Saint-Fons 19360
45%
63 Thiers 11633
45%
42 Firminy 17137
43%
69 Écully 18361
42%
74 Cluses 17164
41%
38 Fontaine 22891
41%
74 Saint-Julien-en-Genevois 15840
41%
01 Gex 13078
40%
69 Sainte-Foy-lès-Lyon 21858
40%
63 Cournon-d'Auvergne 20193
38%
74 Sallanches 17133
38%
26 Bourg-lès-Valence 19581
37%
69 Oullins-Pierre-Bénite 37628
37%
69 Tarare 10428
37%
07 Tournon-sur-Rhône 11191
37%
01 Ambérieu-en-Bugey 14854
36%
69 Saint-Genis-Laval 20929
36%
74 Bonneville 12895
34%
38 L'Isle-d'Abeau 17206
34%
74 Rumilly 15998
34%
69 Francheville 15204
31%
42 Rive-de-Gier 15214
31%
38 Villefontaine 19083
31%
63 Chamalières 17454
28%
42 Andrézieux-Bouthéon 10187
27%
73 La Motte-Servolex 12299
27%
01 Valserhône 16295
26%
69 Chassieu 11092
24%
69 Brignais 12388
23%
69 Corbas 10932
23%
69 Craponne 11903
23%
01 Ferney-Voltaire 10920
23%
38 Meylan 18573
23%
01 Miribel 10225
23%
74 Passy 11068
23%
26 Pierrelatte 13799
23%
26 Portes-lès-Valence 10422
23%
03 Yzeure 12598
23%
69 Genas 13483
21%
74 La Roche-sur-Foron 11263
20%
38 Le Pont-de-Claix 10805
20%
38 Saint-Égrève 16995
20%
07 Guilherand-Granges 11203
19%
69 Mions 13707
19%
42 Saint-Just-Saint-Rambert 15419
19%
38 Sassenage 11660
17%
63 Aubière 10211
16%
69 Belleville-en-Beaujolais 13542
16%
03 Cusset 12909
16%
74 Gaillard 10175
16%
42 Le Chambon-Feugerolles 12066
15%
38 Seyssinet-Pariset 11753
15%
63 Gerzat 10258
14%
01 Divonne-les-Bains 10137
13%
42 Riorges 11045
13%
01 Saint-Genis-Pouilly 14558
13%
63 Beaumont 10650
12%
63 Pont-du-Château 12459
12%
38 Charvieu-Chavagneux 10280
11%
Aucun quiz correspondant
Distribution des résultats
% des personnes avec chaque résultat
Percentile par nombre de réponses
Votre historique - résultats
Vous n’avez pas pris ce quiz